000 01393nam0a22002891 4500
001 rc\3457804
005 20130115124119.4
021 _aRU
_b[75-7643ж]
035 _a(NLR Aleph) 007894631
090 _a7999734
_c7999734
100 _a20130115d1974 |||y0rusy50 ca
101 0 _arus
102 _aRU
105 _aa z |||||
200 1 _aОхрана и безопасность труда в промышленности
_e[Сборник статей
_fРед. коллегия: доценты, кандидаты техн. наук А.М. Скопа (отв. ред.) и Ю.В. Пышков]
210 _aМагнитогорск
_cБ. и.
_d1974
215 _a96 с., 1 л. табл.
_cчерт.
_d19
225 1 _aМинистерство высшего и среднего специального образования РСФСР. Магнитогорский горно-металлургический институт имени Г.И. Носова. Сборник научных трудов
_vВып. 146
300 _aНа обл. только загл. сер.
606 _aПромышленные предприятия
_xОхрана труда
_jСборники
_2psbo
702 1 _aСкопа
_bА. М.
_4340
702 1 _aПышков
_bЮ. В.
_4340
801 0 _aRU
_bNLR
_gpsbo
801 1 _aRU
_bELAR
_2rusmarc
852 _aNLR
_jП11/693
942 _cBOOK
980 _aNB